Statistics for Most Expensive VALORANT Skin Bundles

Click here to take the quiz!

General Stats

  • This quiz has been taken 398 times
    (29 since last reset)
  • The average score is 7 of 20

Answer Stats

Cost (VP)HintAnswer% Correct
10700MusicSpectrum
83%
8700Nerf GunBlastX
61%
9900Western DragonElderflame
61%
9500NinjaKuronami
61%
11900Retro GamingRadiant Entertainment System
52%
8700Japanese CyberpunkGlitchpop
43%
8700LED LightsRGX 11z Pro
43%
8700Black HoleSingularity
43%
8700Wild WestNeo Frontier
39%
9900TerminatorProtocol 781-A
39%
8700Glowing OrbChronovoid
30%
8700Alien TechnologyAraxys
26%
8700MotorbikeOverdrive
22%
8700DoomPrelude to Chaos
22%
8700Ghost KingRuination
22%
8700Eastern DragonImperium
17%
8700LotusMystbloom
17%
8700BalrogPrimordium
17%
8700League of LegendsSentinels of Light
17%
8700Part Two Electric BoogalooGlitchpop 2.0
9%

Score Distribution

Percentile by Number Answered

Percent of People with Each Score

Your Score History

You have not taken this quiz since the last reset